Pays et territoires qui utilisent le degré Fahrenheit - Statistiques

Statistiques générales
  • Ce quiz a été pris 56 fois
  • Le résultat moyen est 4 sur 13
Statistiques - réponses
Pays % Correct
États-Unis
100%
Bahamas
49%
Saint-Christophe-et-Niévès
41%
Antigua-et-Barbuda
37%
Belize
24%
Îles Caïmans
24%
Îles Marshall
22%
Liberia
18%
Micronésie
16%
Îles Turques-et-Caïques
14%
Îles Vierges britanniques
14%
Montserrat
14%
Palaos
12%
Aucun quiz correspondant
Distribution des résultats
% des personnes avec chaque résultat
Percentile par nombre de réponses
Votre historique - résultats
Vous n’avez pas pris ce quiz